Qui a dis ces citations arc East Blue - Statistiques

Statistiques générales
  • Ce quiz a été pris 57 fois
  • Le résultat moyen est 15 sur 20
Statistiques - réponses
Hint Réponse % Correct
Luffy, aide moi !! Nami
100%
Je compte sur toi pour me le rendre un jour quand tu sera devenu un pirate digne de se nom Shanks
98%
Je suis capable de te battre ! Luffy
96%
Je vais tout faire pour y arriver et atteindre le but que je me suis fixé !! Zoro
96%
Cette femme est la plus... la plus grosse et la plus moche de tout l'océan !! Kobby
93%
Ton chapeau de paille me rappelle ce type que j'ai connu dans ma jeunesse, un petit insolent aux cheveux roux ! Baggy
91%
Je suis fier que mon père soit un pirate, il en faut du courage pour parcourir les océans !! Usopp
89%
Je te le demande une nouvelle fois, à quel moment ai-je trahi l'une de mes promesses ?!! Arlong
84%
Tu dois fortifier ton mental et perfectionner tes techniques pour espérer pouvoir un jour me surpasser !! Mihawk
82%
J'ai désormais une dette énorme envers lui que je rembourserais quitte à le payer de ma vie !! Sanji
80%
Qui va l'emporter selon toi ? La puissance de l’arsenal conçu pour tuer ou bien celle des convictions de ce gamin qui ne crains pas la mort ? Zeff
80%
Ne vous excitez pas de la sorte quand je suis à vos côtés, car c'est la seule issue d'un combat qui distingue les forts des faibles. Don Krieg
67%
Si vous les avez au bout du fil, dite leur que je ne reçois d'ordres de personne !! Smoker
64%
Je vous ai payé leur part malheureusement, je n'ai pas assez pour la mienne. Bellmer
62%
C'est la première fois de ma vie que quelqu'un se montre aussi gentil envers moi, je ne peux pas le tuer !! Gin
60%
J'espère que vos explications tiennent la route, bande d'abrutis finis !! Kuro
58%
Il s'agit du troisième kitetsu vous devriez choisir celui-ci !! Tashigi
56%
Dommage je perds un homme sur lequel j'avais pourtant beaucoup misé. Alvida
53%
Ces coffres, ils sont vides. Gaimon
51%
Parce que rien ni personne ne peux empêcher un homme de prendre la mer. Dragon
47%
Aucun quiz correspondant
Distribution des résultats
% des personnes avec chaque résultat
Percentile par nombre de réponses
Votre historique - résultats
Vous n’avez pas pris ce quiz